MARC details
| 000 -LEADER |
| fixed length control field |
02294pam a22003974i 4500 |
| 001 - CONTROL NUMBER |
| control field |
64084747 |
| 003 - CONTROL NUMBER IDENTIFIER |
| control field |
OCoLC |
| 005 - DATE AND TIME OF LATEST TRANSACTION |
| control field |
20231030161535.0 |
| 008 - FIXED-LENGTH DATA ELEMENTS--GENERAL INFORMATION |
| fixed length control field |
060215s2006 miu b 001 0 eng |
| 010 ## - LIBRARY OF CONGRESS CONTROL NUMBER |
| LC control number |
2006005249 |
| 020 ## - INTERNATIONAL STANDARD BOOK NUMBER |
| International Standard Book Number |
0310263417 |
| 020 ## - INTERNATIONAL STANDARD BOOK NUMBER |
| International Standard Book Number |
9780310263418 |
| 024 3# - OTHER STANDARD IDENTIFIER |
| Standard number or code |
9780310263418 |
| 035 ## - SYSTEM CONTROL NUMBER |
| System control number |
(OCoLC)64084747 |
| Canceled/invalid control number |
(OCoLC)79433110 |
| 040 ## - CATALOGING SOURCE |
| Original cataloging agency |
DLC |
| Language of cataloging |
eng |
| Description conventions |
rda |
| Transcribing agency |
DLC |
| Modifying agency |
YDX |
| -- |
BAKER |
| -- |
BTCTA |
| 050 00 - LIBRARY OF CONGRESS CALL NUMBER |
| Classification number |
BS1140.3 |
| Item number |
L856A |
| 082 00 - DEWEY DECIMAL CLASSIFICATION NUMBER |
| Classification number |
221 |
| Edition number |
22 |
| Item number |
L856A |
| 092 ## - LOCALLY ASSIGNED DEWEY CALL NUMBER (OCLC) |
| Classification number |
221.61 |
| Item number |
L856A |
| 100 1# - MAIN ENTRY--PERSONAL NAME |
| Personal name |
Longman, Tremper, |
| Titles and words associated with a name |
III. |
| Authority record control number or standard number |
https://id.loc.gov/authorities/names/n86078354 |
| 245 13 - TITLE STATEMENT |
| Title |
An introduction to the Old Testament / |
| Statement of responsibility, etc. |
Tremper Longman, III & Raymond B. Dillard. |
| 250 ## - EDITION STATEMENT |
| Edition statement |
Second edition. |
| 264 #1 - PRODUCTION, PUBLICATION, DISTRIBUTION, MANUFACTURE, AND COPYRIGHT NOTICE |
| Place of production, publication, distribution, manufacture |
Grand Rapids, Mich. : |
| Name of producer, publisher, distributor, manufacturer |
Zondervan, |
| Date of production, publication, distribution, manufacture, or copyright notice |
[2006] |
| 264 #4 - PRODUCTION, PUBLICATION, DISTRIBUTION, MANUFACTURE, AND COPYRIGHT NOTICE |
| Date of production, publication, distribution, manufacture, or copyright notice |
©2006 |
| 300 ## - PHYSICAL DESCRIPTION |
| Extent |
528 pages ; |
| Dimensions |
25 cm |
| 336 ## - CONTENT TYPE |
| Content type term |
text |
| Content type code |
txt |
| Source |
rdacontent |
| 337 ## - MEDIA TYPE |
| Media type term |
unmediated |
| Media type code |
n |
| Source |
rdamedia |
| 338 ## - CARRIER TYPE |
| Carrier type term |
volume |
| Carrier type code |
nc |
| Source |
rdacarrier |
| 500 ## - GENERAL NOTE |
| General note |
Revised edition of: An introduction to the Old Testament / Raymond B. Dillard and Tremper Longman. c1994. |
| 504 ## - BIBLIOGRAPHY, ETC. NOTE |
| Bibliography, etc. note |
Includes bibliographical references and indexes. |
| 505 0# - FORMATTED CONTENTS NOTE |
| Formatted contents note |
Introduction -- Genesis -- Exodus -- Leviticus -- Numbers -- Deuteronomy -- Joshua -- Judges -- Ruth -- Samuel -- Kings -- Chronicles -- Ezra-Nehemiah -- Esther -- Job -- Psalms -- Proverbs -- Ecclesiastes -- Song of songs -- Isaiah -- Jeremiah -- Lamentations -- Ezekiel -- Daniel -- Hosea -- Joel -- Amos -- Obadiah -- Jonah -- Micah -- Nahum -- Habakkuk -- Zephaniah -- Haggai -- Zechariah -- Malachi. |
| 520 ## - SUMMARY, ETC. |
| Summary, etc. |
This second edition of An Introduction to the Old Testament has been revised and updated to reflect recent advances in Old Testament scholarship. An upper-level introduction that includes callouts, charts, and graphs, it offers a solid understanding of three key issues: historical background, literary analysis, and theological message. |
| 630 00 - SUBJECT ADDED ENTRY--UNIFORM TITLE |
| Uniform title |
Bible. |
| Name of part/section of a work |
Old Testament |
| Authority record control number or standard number |
https://id.loc.gov/authorities/names/n79054379 |
| Form subdivision |
Introductions. |
| Authority record control number or standard number |
https://id.loc.gov/authorities/subjects/sh99001683 |
| 700 1# - ADDED ENTRY--PERSONAL NAME |
| Personal name |
Dillard, Raymond B. |
| Fuller form of name |
(Raymond Bryan), |
| Dates associated with a name |
1944-1993. |
| Authority record control number or standard number |
https://id.loc.gov/authorities/names/n94079212 |
| 700 1# - ADDED ENTRY--PERSONAL NAME |
| Personal name |
Dillard, Raymond B. |
| Fuller form of name |
(Raymond Bryan), |
| Dates associated with a name |
1944-1993. |
| Title of a work |
Introduction to the Old Testament. |
| 942 ## - ADDED ENTRY ELEMENTS (KOHA) |
| Source of classification or shelving scheme |
Dewey Decimal Classification |
| Koha item type |
Books |